Die Schweiz in der Zeit der Helvetier (römische Herrschaft), Westrom - Statistiken

Allgemein
  • Dieses Quiz wurde 13 mal gespielt
  • Das Durchschnittsergebnis liegt bei 7 aus 15
Antwortstatistiken
Hint Antwort % Korrekt
Wie heisst Konstantinopel/Byzanz heute? Istanbul
100%
Wie heist die 500km lange Verteidigungswall? Limes
100%
Auf welcher Münze steht das Wort Helvetia? nur die Zahl schreiben 1
90%
Wie viele Phasen der römischen Herrschaft im Gebiet der heutigen Schweiz gab es? 3
80%
Goten sind ein …germanisches Volk ost
80%
Mit welchem Wort war der Begriff schweizerisch gleichgestellt? helvetisch
60%
Über welche Kontinente streckte sich das Gebiet des römischen Reichs? Europa,Afrika,Asien
40%
Wer griff Rom vor ihrem Untergang immer mal wieder an? Germanen
40%
Wie nannte man das Gebiet indem die Helvetier lebten? Gallien
30%
In welcher Stadt hielten Caesars Truppen die Helvetier bei ihrer Flucht auf? Bibracte
20%
In welchem Jahr ging das römische Reich unter? 476
10%
Von wo bis wo streckte sich das Gebiet der Kelten? Anatolien bis … Irland
10%
Wie lange war die Reichsgrenze des römischen Reiches? in km 15000
0%
Wo hat man eine Kastelle in der Schweiz errichtet? Durch die erste „Militärsperiode“ Basel
0%
Auf wen teilte Kaiser Theodosius I. das römische Reich auf? Söhne
0%
Keine übereinstimmenden Quizze gefunden
Verteilung der Resultate
Anzahl Personen mit jedem Resultat
Perzentil nach korrekt beantworteten Fragen
Ihre Resultats-Entwicklung
Sie haben dieses Quiz noch nicht gespielt